Welcome to CU Library Online Public Access Catalogue (OPAC)

Insolvency Act, 2006 (Record no. 1351)

MARC details
000 -LEADER
fixed length control field 00348nam a22001217a 4500
005 - DATE AND TIME OF LATEST TRANSACTION
control field 20241120111215.0
008 - FIXED-LENGTH DATA ELEMENTS--GENERAL INFORMATION
fixed length control field 241120b |||||||| |||| 00| 0 eng d
245 ## - TITLE STATEMENT
Title Insolvency Act, 2006
Remainder of title ACT 708
Statement of responsibility, etc. Republic of Ghana
260 ## - PUBLICATION, DISTRIBUTION, ETC.
Place of publication, distribution, etc. Accra, Ghana
Name of publisher, distributor, etc. Assembly press Co. Ltd.
Date of publication, distribution, etc. 2006
300 ## - PHYSICAL DESCRIPTION
Extent 45 pages
Dimensions 23 cm
650 ## - SUBJECT ADDED ENTRY--TOPICAL TERM
Source of heading or term Acts
General subdivision Ghana
942 ## - ADDED ENTRY ELEMENTS (KOHA)
Source of classification or shelving scheme Library of Congress Classification
Koha item type Books
Suppress in OPAC No
999 ## -
-- 1351
-- 1351
Holdings
Withdrawn status Lost status Source of classification or shelving scheme Damaged status Not for loan Collection Home library Current library Shelving location Date acquired Total checkouts Full call number Barcode Date last seen Copy number Price effective from Koha item type
    Library of Congress Classification     Non-fiction Law Library (Christ Temple) Law Library (Christ Temple) Reference 06/26/2025   KRX963.A32006.G4 GHA LLCT00000786 06/26/2025 1 06/26/2025 Books
    Library of Congress Classification     Non-fiction Law Library (Christ Temple) Law Library (Christ Temple) Reference 06/26/2025   KRX963.A32006.G4 GHA LLCT00000787 06/26/2025 2 06/26/2025 Books
    Library of Congress Classification     Non-fiction Law Library (Miotso) Law Library (Miotso) Reference 11/20/2024   KRX963.A32006.G4 GHA LLM00001089 11/20/2024 1 11/20/2024 Books
    Library of Congress Classification     Non-fiction Law Library (Miotso) Law Library (Miotso) Reference 11/20/2024   KRX963.A32006.G4 GHA llm00001088 11/20/2024 2 11/20/2024 Books
    Library of Congress Classification     Non-fiction Law Library (Miotso) Law Library (Miotso) Reference 11/20/2024   KRX963.A32006.G4 GHA LLM00001087 11/20/2024 3 11/20/2024 Books
    Library of Congress Classification     Non-fiction Law Library (Miotso) Law Library (Miotso) Reference 11/20/2024   KRX963.A32006.G4 GHA LLM00001086 11/20/2024 4 11/20/2024 Books
© 2023-2024 Copyright: Central University Libraries. All Rights Reserved | Created by: Mahone Tech Office